Statistiques concernant Culture Générale by PotiFlamby #1

Cliquez ici pour prendre le quiz!

Statistiques générales

  • Ce quiz a été pris 34 fois
  • Le résultat moyen est 3 sur 20

Statistiques - réponses

HintRéponse% Correct
Que boit la vache ?Eau
81%
Combien il y a-t-il de déclinaisons différentes en Latin ?5
65%
Sur une guitare sèche à 6 cordes, en appuyant sur la 4ème case de la corde de SI, quelle note obtient-on ?Ré# | Mib
38%
Quel est le nom du professeur jaune dans Assassination Classroom ?Koro
23%
Quel est le résultat de 9! ?362880
19%
Comment s'appelle l'album le plus connu de Pink Floyd ?Dark Side of the Moon
19%
Dans Jurassic World, quel est le nom du vélociraptor principal ?Blue
12%
Le Soleil est une étoile de quel type ?Naine jaune
8%
Quel est le plus grand nombre de Flamby gobés à la suite sans faute ?22
4%
Quel est la forme de déclinaison utilisé pour les compléments du nom en Latin/Grec ?Génitif
4%
Quel particule élémentaire compose les protons / electrons / neutrons ?Quark
4%
Comment s'appelle le garçon qui aide Tanjiro à couper le rocher dans Demon Slayer ?Sabito
4%
Quel joueur Rocket League a gagné 4 fois le titre de champion du monde ?Turbopolsa
4%
Dans le jeu Mille Bornes, quelle carte est la 2e plus lente ?Canard
0%
Dans Jurassic World, quel est le nom du Dinosaure Génétiquement Modifié ?Indominus Rex
0%
Quel est le nom de cette lettre : ξ ?ksi
0%
Quelle technique dans Rocket League, consiste à écraser la balle contre le mur pour la propulser dans les buts adverses ?Kuxir Pinch
0%
En quelle gamme musicale a-t-on 4 bémols à l'armure ?LA bémol Majeur
0%
Dans le jeu Complot, à quelle classe appartient l'Inquisiteur ?Negociateur
0%
Dans Jurassic Park, quel dinosaure surpasse le Tyrannosaurus Rex ?Spinosaurus
0%

Distribution des résultats

Percentile par nombre de réponses

% des personnes avec chaque résultat

Votre développement - résultats

Vous n’avez pas pris ce quiz